000 00460nam a2200169 i 4500
001 104197
003 ES-MaACL
005 20250821063042.0
007 t|
008 051124s1931 sp ||||1| spa d
100 1 _aMichelet, Jules,
_d1798-1874
_980919
245 1 0 _aVida de los insectos /
_cJules Michelet.
260 _aMadrid :
_bSaez Hermanos,
_c1931.
300 _a184 p. ;
_c19 cm.
852 _aES-MaACL
_jF-13772
999 _c104197
_d104197